02112njm a2200385Ia 450000100060000000300090000600500170001500800410003204000130007304000130008604100120009910000110011110000180012210000380014024500250017825000110020326000120021426000540022630000100028030000300029050000150032050502310033565000450056670000690061170001790068070001220085970000990098170000930108070001010117370000940127470000710136870001150143970000760155470000960163073459IT-RoPAU20220918181118.0131025s9999 xx 000 0 und d aIT-RoPAU cIT-RoPAU aPOLACCO aAA.VV. eAutore musica gCodice autore musica SPICS: 12000 aFelicjan Andrzejczak a1a ed. aPOLONIA bMUZAc1987 [1a Ed.:1987 - Ed. Lingua Orig.: 1987] aDISCO c45 minuti (Testo: 0 pag.) aMusica pop aTrzeci Akt (5:00) - Zawsze Ten Sam (6:00) - Idac (4:00) - Gdybys Byla Inna (5:00) - Siedem Nocy (4:00) - Ekscentryczny Dance (4:00) - Gdy Gram (5:00) - Juz Sie Nie Poprawie (4:00) - Stare Sprawy (5:00) - Jestem Zmeczony (4:00) aPOP [DISCHI]eCodice MATERIA SPICS: 9950 aAndrzejczak FelicjangCodice interprete SPICS: 25220eInterprete aSygitowicz R.gCodice autore musica SPICS: 25056eAutore musicapTrzeci Akt - Zawsze Ten Sam - Idac - Gdybys Byla Inna - Juz Sie Nie Poprawie - Stare Sprawy - Jestem Zmeczony aKondratowicz J.gCodice autore testo/musica SPICS: 25196eAutore testo/musicapTrzeci Akt - Zawsze Ten Sam - Gdy Gram aKofta J.gCodice autore testo/musica SPICS: 25553eAutore testo/musicapIdac - Jestem Zmeczony aSurma U.gCodice autore testo/musica SPICS: 25554eAutore testo/musicapGdybys Byla Inna aKukulski J.gCodice autore musica SPICS: 25065eAutore musicapSiedem Nocy - Ekscentryczny Dance aChromcewicz W.gCodice autore testo/musica SPICS: 25176eAutore testo/musicapSiedem Nocy aKidawa J.gCodice autore SPICS: 25492eAutorepEkscentryczny Dance aDabrowski J.gCodice autore testo/musica SPICS: 25157eAutore testo/musicapEkscentryczny Dance - Stare Sprawy aJanuszko A.gCodice autore musica SPICS: 24733eAutore musicapGdy Gram aHolm J.gCodice autore testo/musica SPICS: 25555eAutore testo/musicapJuz Sie Nie Poprawie